00374nam a2200121Ia 4500008004100000040001800041041000800059100003100067245004000098260007300138300001800211650002300229130821s gw gr eng  aCo-BoUCMbspa aeng aHichens, Robertd1864-1950 aThe Garden of AllahcRobert Hichens aLeipzig (Sajonia, Alemania)bBernhard Tauchnitzc[fecha desconocida] a327 páginas04aLiteratura alemana